F1 Grand Prix Circuits (2011-2020) - Statistics

General Stats
  • This quiz has been taken 1,135 times
  • The average score is 17 of 31
Answer Stats
Laps Raced Answer Years Hosted % Correct
571 Silverstone Circuit 2011-2020
85%
702 Circuit de Monaco 2011-2019
83%
530 Autodromo Nazionale di Monza 2011-2020
81%
63 Autodromo Internazionale Enzo e Dino Ferrari 2020
71%
513 Bahrain International Circuit 2012-2020
69%
87 Bahrain International Circuit (Outer Circuit) 2020
69%
519 Melbourne Grand Prix Circuit 2011-2019
67%
660 Circuit de Barcelona-Catalunya 2011-2020
66%
568 Red Bull Ring 2014-2020
65%
448 Circuit of the Americas 2011-2019
64%
639 Autódromo José Carlos Pace 2011-2019
61%
467 Suzuka International Racing Course 2011-2019
61%
332 Hockenheimring Baden-Württemberg 2012, 2014, 2016, 2018-2019
60%
698 Hungaroring 2011-2020
56%
628 Circuit Gilles Villeneuve 2011-2019
53%
180 Nürburgring 2011, 2013, 2020
52%
502 Shanghai International Circuit 2011-2019
50%
550 Yas Marina Circuit 2011-2020
50%
370 Sochi Autodrom 2014-2020
48%
355 Autódromo Hermanos Rodríguez 2015-2019
46%
439 Circuit de Spa-Francorchamps 2011-2020
45%
106 Circuit Paul Ricard 2018-2019
45%
392 Sepang International Circuit 2011-2017
44%
116 Istanbul Park 2011, 2020
42%
543 Marina Bay Street Circuit 2011-2019
42%
66 Autódromo Internacional do Algarve 2020
39%
59 Autodromo Internazionale del Mugello 2020
35%
165 Korea International Circuit 2011-2013
34%
114 Valencia Street Circuit 2011-2012
33%
180 Buddh International Circuit 2011-2013
29%
204 Baku City Circuit 2016-2019
13%
No matching quizzes found
Score Distribution
Percent of People with Each Score
Percentile by Number Answered
Your Score History
You have not taken this quiz